000 00295nam a22001337a 4500
008 210602b ||||| |||| 00| 0 eng d
041 _aeng
080 _a616.12
082 _a616.12
100 _a7
101 _aKARDIO
245 _aNetter's Cardiology
_cMarschall S. Runge
942 _2udc
_cBK
999 _c57880
_d57880